[Event "BL 1516 SV Mülheim Nord - OSG Baden Ba"]
[Site "?"]
[Date "2016.04.23"]
[Round "14.8"]
[White "Dinstuhl, Volkmar"]
[Black "Meier, Georg"]
[Result "0-1"]
[WhiteElo "2404"]
[BlackElo "2659"]
[PlyCount "90"]
[EventDate "2016.??.??"]

1. Nf3 d5 2. g3 Bg4 3. Bg2 e6 4. c4 c6 5. b3 Nf6 6. Bb2 Nbd7 7. O-O Bd6 8. d3
O-O 9. Nbd2 h6 10. h3 Bh5 11. Qc2 Bg6 12. e4 dxe4 13. dxe4 Qe7 14. Rae1 Rfd8
15. Kh1 a5 16. Re2 Ba3 17. Qc1 Bxb2 18. Qxb2 Nc5 19. e5 Nfd7 20. Re3 a4 21. Qc3
axb3 22. axb3 Ra3 23. Qb4 Rda8 24. Nh4 Bh7 25. Be4 Qd8 26. Bxh7+ Kxh7 27. Nhf3
Kg8 28. Ne4 Nxe4 29. Rxe4 Qf8 30. Qxf8+ Kxf8 31. Re3 Nc5 32. Rb1 Rd8 33. Ne1
Rd2 34. Kg1 g5 35. g4 Ke7 36. Rf3 Raa2 37. b4 Ne4 38. Nd3 Rdc2 39. Re1 Rxc4 40.
Rfe3 Nc3 41. Rc1 b5 42. Rce1 Nd5 43. Re4 Rc3 44. Rd1 Rcc2 45. Rd4 Nc3 0-1

[Event "BL 1516 Hansa Dortmund - Bayern Münche"]
[Site "?"]
[Date "2016.04.23"]
[Round "14.1"]
[White "Gabriel, Christian"]
[Black "Donchenko, Alexander"]
[Result "1-0"]
[WhiteElo "2504"]
[BlackElo "2573"]
[PlyCount "71"]
[EventDate "2016.??.??"]

1. Nf3 c5 2. c4 Nf6 3. g3 b6 4. Bg2 Bb7 5. O-O g6 6. Nc3 Bg7 7. d4 cxd4 8. Qxd4
Nc6 9. Qf4 Rc8 10. Bd2 Qc7 11. Qxc7 Rxc7 12. Rac1 Rc8 13. Rfd1 O-O 14. Bg5 Nb8
15. b3 h6 16. Be3 d6 17. Bh3 Rcd8 18. Nd4 Bc8 19. Bxc8 Rxc8 20. Nd5 Nxd5 21.
cxd5 h5 22. Nb5 a6 23. Nc7 Bb2 24. Rc2 b5 25. Rb1 Bf6 26. Rbc1 Kh7 27. Ba7 Nd7
28. Nxa6 Ra8 29. Rc7 Nb6 30. Nb4 Nc8 31. Be3 Bb2 32. R1c2 Ba3 33. Nc6 Re8 34.
Rb7 Bc5 35. Bxc5 dxc5 36. Rxb5 1-0

[Event "BL 1516 Hansa Dortmund - Bayern Münche"]
[Site "?"]
[Date "2016.04.23"]
[Round "14.2"]
[White "Berg, Emanuel"]
[Black "Bischoff, Klaus"]
[Result "1-0"]
[WhiteElo "2575"]
[BlackElo "2508"]
[PlyCount "87"]
[EventDate "2016.??.??"]

1. e4 c5 2. Nf3 e6 3. d4 cxd4 4. Nxd4 a6 5. Bd3 g6 6. O-O Bg7 7. Be3 Nf6 8. c4
d6 9. Nc3 O-O 10. Be2 Nbd7 11. Qd2 d5 12. exd5 exd5 13. cxd5 Nb6 14. Bh6 Bxh6
15. Qxh6 Nbxd5 16. Nxd5 Qxd5 17. Qf4 Rd8 18. Rad1 Nh5 19. Qh6 Re8 20. Nf3 Qc5
21. Ng5 Nf6 22. Rc1 Qf8 23. Qxf8+ Kxf8 24. Bc4 Be6 25. Bxe6 fxe6 26. Rc7 Re7
27. Rxe7 Kxe7 28. Re1 Kd7 29. Rxe6 Rc8 30. g3 Rc6 31. Rxc6 Kxc6 32. Kf1 Kd5 33.
Ke2 h5 34. f3 Nd7 35. Nf7 Nc5 36. b3 Kd4 37. Kd2 a5 38. h4 Ne6 39. Nd6 b6 40.
Nc8 g5 41. hxg5 Nxg5 42. Ke2 b5 43. Nd6 b4 44. Nb7 1-0

[Event "BL 1516 Hansa Dortmund - Bayern Münche"]
[Site "?"]
[Date "2016.04.23"]
[Round "14.3"]
[White "Schenk, Andreas"]
[Black "Heberla, Bartlomiej"]
[Result "1/2-1/2"]
[WhiteElo "2474"]
[BlackElo "2532"]
[PlyCount "48"]
[EventDate "2016.??.??"]

1. d4 d5 2. c4 e6 3. Nf3 Nf6 4. Nc3 Nbd7 5. cxd5 exd5 6. Bg5 c6 7. e3 Be7 8.
Bd3 O-O 9. Qc2 Re8 10. O-O Nf8 11. h3 g6 12. Rab1 Ne6 13. Bh4 Ng7 14. b4 a6 15.
a4 Bd6 16. b5 axb5 17. axb5 Nf5 18. bxc6 bxc6 19. Bg5 h6 20. Bxf6 Qxf6 21. Rb6
Bd7 22. Rb7 Bc8 23. Rb6 Bd7 24. Rb7 Bc8 1/2-1/2

[Event "BL 1516 Hansa Dortmund - Bayern Münche"]
[Site "?"]
[Date "2016.04.23"]
[Round "14.4"]
[White "Mons, Léon"]
[Black "Fedorovsky, Michael"]
[Result "1/2-1/2"]
[WhiteElo "2461"]
[BlackElo "2476"]
[PlyCount "55"]
[EventDate "2016.??.??"]

1. Nf3 c5 2. e4 d6 3. Bb5+ Nd7 4. O-O a6 5. Bd3 Ngf6 6. Re1 b5 7. a4 Bb7 8.
axb5 axb5 9. Rxa8 Qxa8 10. Bxb5 Bxe4 11. Re3 e6 12. d4 Bc6 13. Ra3 Qb7 14. Bxc6
Qxc6 15. dxc5 dxc5 16. Bf4 Be7 17. Ne5 Nxe5 18. Bxe5 O-O 19. Qe2 Rd8 20. Rd3
Rxd3 21. Qxd3 c4 22. Qd1 Nd7 23. Bc3 h6 24. Nd2 Bf6 25. Bxf6 Nxf6 26. Qe2 c3
27. bxc3 Qxc3 28. Nf1 1/2-1/2

[Event "BL 1516 Hansa Dortmund - Bayern Münche"]
[Site "?"]
[Date "2016.04.23"]
[Round "14.5"]
[White "Mesaros, Florian"]
[Black "Wegener, Olaf"]
[Result "0-1"]
[WhiteElo "2307"]
[BlackElo "2442"]
[PlyCount "130"]
[EventDate "2016.??.??"]

1. Nf3 Nf6 2. c4 c5 3. Nc3 Nc6 4. d4 cxd4 5. Nxd4 e6 6. g3 Qb6 7. Nb3 Ne5 8. e4
Bb4 9. Qe2 d6 10. f4 Nc6 11. Be3 Bxc3+ 12. bxc3 Qc7 13. Bg2 e5 14. f5 b6 15. g4
Ba6 16. g5 Nd7 17. Rd1 Nd8 18. Bf1 Nb7 19. Qd3 Rc8 20. Qd5 Qc6 21. Bd3 Rc7 22.
c5 bxc5 23. Bxa6 Qxa6 24. g6 O-O 25. Rg1 Qc6 26. gxh7+ Kh8 27. Bg5 Qxd5 28.
Rxd5 f6 29. Be3 Kxh7 30. Bf2 Kg8 31. Nd2 Kf7 32. Rd3 Rh8 33. Rdg3 Rh7 34. Ke2
Nb6 35. c4 Na5 36. Kd3 Kf8 37. h3 Nc6 38. a3 Kf7 39. h4 Ne7 40. h5 Rc8 41. Kc2
Nc6 42. Rh3 Na5 43. Kc3 Rb8 44. Rb1 Na4+ 45. Kc2 Rxb1 46. Kxb1 Nb6 47. a4 Nc6
48. Kc2 Nxa4 49. Rh1 Rh8 50. Nf3 Rb8 51. Nd2 Rb2+ 52. Kd3 Nb4+ 53. Ke3 Ra2 54.
h6 Ra3+ 55. Ke2 Nc3+ 56. Kf3 gxh6 57. Kg4 Ra2 58. Be3 Nc2 59. Bxh6 Ra1 60. Rh3
Ne2 61. Rh2 Ned4 62. Nf3 Nxf3 63. Kxf3 Nd4+ 64. Ke3 Ra3+ 65. Kf2 Ra2+ 0-1

[Event "BL 1516 Hansa Dortmund - Bayern Münche"]
[Site "?"]
[Date "2016.04.23"]
[Round "14.6"]
[White "Kotter, Ralf"]
[Black "Belezky, Alexander"]
[Result "1/2-1/2"]
[WhiteElo "2348"]
[BlackElo "2431"]
[PlyCount "52"]
[EventDate "2016.??.??"]

1. e4 c5 2. Nf3 d6 3. d4 cxd4 4. Nxd4 Nf6 5. Nc3 g6 6. Be3 Bg7 7. f3 Nc6 8. Qd2
O-O 9. O-O-O d5 10. exd5 Nxd5 11. Nxc6 bxc6 12. Bd4 Bxd4 13. Qxd4 Qb6 14. Na4
Qc7 15. Bc4 Rd8 16. Bb3 Bf5 17. g3 Rd6 18. Qc5 Rad8 19. Rd4 Nb6 20. Rhd1 Nxa4
21. Bxa4 Rxd4 22. Rxd4 Rxd4 23. Qxd4 c5 24. Qe3 Be6 25. b3 h5 26. f4 Qb6
1/2-1/2

[Event "BL 1516 Hansa Dortmund - Bayern Münche"]
[Site "?"]
[Date "2016.04.23"]
[Round "14.7"]
[White "Meister, Peter"]
[Black "Karger, Frank"]
[Result "1/2-1/2"]
[WhiteElo "2363"]
[BlackElo "2276"]
[PlyCount "106"]
[EventDate "2016.??.??"]

1. d4 Nf6 2. Nf3 g6 3. Nc3 d5 4. Bf4 Bg7 5. e3 O-O 6. h3 c5 7. Be2 Nc6 8. O-O
Ne4 9. dxc5 Nxc3 10. bxc3 e5 11. Bh2 Be6 12. Rb1 Qe7 13. Qd2 Rad8 14. Rb5 Bc8
15. Rfb1 a6 16. Rb6 Qxc5 17. Qe1 Rfe8 18. Bf1 Na5 19. Bg3 Bf5 20. Qd2 h6 21.
R6b4 Rc8 22. Rd1 Be4 23. Ne1 Red8 24. f3 Bf5 25. c4 dxc4 26. Qxd8+ Rxd8 27.
Rxd8+ Kh7 28. Rb1 Qxe3+ 29. Bf2 Qg5 30. Rd5 b5 31. Rd6 Bc8 32. Rbd1 Qe7 33. Bb6
Nb7 34. Rc6 Qe8 35. Rc7 Bf8 36. c3 Nd6 37. Nc2 Be6 38. Bf2 Nf5 39. Nb4 Bxb4 40.
cxb4 Qb8 41. Rc5 Ne7 42. a3 g5 43. Rd2 f6 44. Be2 Kg7 45. Bd1 Bf5 46. Be2 Kf7
47. Bf1 Be6 48. Rd1 Bf5 49. Ra1 Bd7 50. a4 Bc6 51. axb5 axb5 52. Be2 Qb7 53.
Ra5 Kg8 1/2-1/2

[Event "BL 1516 Hansa Dortmund - Bayern Münche"]
[Site "?"]
[Date "2016.04.23"]
[Round "14.8"]
[White "Schroeder, Kevin"]
[Black "Schneider, Stefan"]
[Result "1-0"]
[WhiteElo "2345"]
[BlackElo "2359"]
[PlyCount "71"]
[EventDate "2016.??.??"]

1. d4 Nf6 2. c4 e6 3. Nf3 Bb4+ 4. Nbd2 O-O 5. g3 b6 6. Bg2 Bb7 7. O-O a5 8. Qc2
Bxd2 9. Nxd2 Bxg2 10. Kxg2 d6 11. b3 Nbd7 12. Bb2 e5 13. d5 Nh5 14. e3 f5 15.
f4 Qe7 16. fxe5 Nxe5 17. Bxe5 Qxe5 18. Rae1 Rae8 19. Nf3 Qe4 20. Qxe4 fxe4 21.
Nd4 Rxf1 22. Rxf1 Nf6 23. h3 h6 24. g4 Kf7 25. h4 Kg8 26. Kg3 a4 27. b4 a3 28.
Rf4 Ra8 29. Kf2 Ra4 30. Nc6 b5 31. g5 hxg5 32. hxg5 Nh5 33. Rxe4 Kf7 34. cxb5
Kg6 35. Re7 Kxg5 36. Rxc7 1-0

[Event "BL 1516 USV TU Dresden - Hamburger SK"]
[Site "?"]
[Date "2016.04.23"]
[Round "14.2"]
[White "Bartel, Mateusz"]
[Black "Miton, Kamil"]
[Result "1/2-1/2"]
[WhiteElo "2634"]
[BlackElo "2625"]
[PlyCount "95"]
[EventDate "2016.??.??"]

1. e4 c5 2. Nf3 Nc6 3. Bb5 e6 4. O-O Nge7 5. c3 a6 6. Ba4 b5 7. Bc2 Bb7 8. Re1
Rc8 9. a4 Ng6 10. Na3 bxa4 11. Nc4 Be7 12. e5 O-O 13. Rxa4 d5 14. exd6 Bxd6 15.
Nxd6 Qxd6 16. Ng5 Nce7 17. d4 Bc6 18. Ne4 Qd8 19. Nxc5 Bxa4 20. Bxa4 Qd6 21.
Qe2 a5 22. g3 Nf5 23. Qg4 Rxc5 24. dxc5 Qxc5 25. Bc2 Rd8 26. Rd1 Rxd1+ 27. Qxd1
Nd6 28. Be3 Qc6 29. Qd4 Nc4 30. Be4 Qc7 31. Bc1 f5 32. Bd3 Nce5 33. Be2 Qb7 34.
Qd8+ Nf8 35. Bf4 Qxb2 36. Bxe5 Qxe2 37. Bd6 Qe1+ 38. Kg2 Qe4+ 39. Kf1 Qb1+ 40.
Kg2 Qe4+ 41. f3 Qe2+ 42. Kh3 h6 43. Bxf8 Qf1+ 44. Kh4 Qxf3 45. Bxg7+ Kxg7 46.
Qe7+ Kg6 47. Qxe6+ Kg7 48. Qe7+ 1/2-1/2

[Event "BL 1516 USV TU Dresden - Hamburger SK"]
[Site "?"]
[Date "2016.04.23"]
[Round "14.3"]
[White "Svane, Rasmus"]
[Black "Socko, Bartosz"]
[Result "0-1"]
[WhiteElo "2529"]
[BlackElo "2584"]
[PlyCount "190"]
[EventDate "2016.??.??"]

1. Nf3 d5 2. d4 Nf6 3. c4 e6 4. Nc3 Bb4 5. cxd5 exd5 6. Bf4 Ne4 7. Rc1 Nc6 8.
Nd2 g5 9. Be3 Nxc3 10. bxc3 Bd6 11. h4 gxh4 12. Nf3 Be7 13. Bf4 Bf5 14. e3 h3
15. Rb1 Bd6 16. g3 Bxf4 17. gxf4 Bxb1 18. Qxb1 Qd6 19. Bxh3 Rb8 20. Ke2 b5 21.
Ne5 Nxe5 22. fxe5 Qe7 23. Bg2 c6 24. Rh6 Qg5 25. Rxh7 Rxh7 26. Qxh7 Ke7 27. Bf3
b4 28. Qc2 bxc3 29. Qxc3 Qg6 30. Kd2 Kf8 31. Bd1 Kg7 32. Qc2 Qxc2+ 33. Bxc2 f6
34. exf6+ Kxf6 35. Bb3 Ke7 36. f3 Kd6 37. e4 a5 38. Kd3 Rh8 39. Kd2 Rh3 40. Ke2
Rg3 41. Ke3 dxe4 42. Kxe4 Rg1 43. f4 Re1+ 44. Kd3 Rf1 45. Ke4 Ke7 46. f5 Kf6
47. Be6 Rd1 48. Ke3 Kg5 49. Ke4 Kf6 50. Ke3 Ke7 51. Bb3 Rf1 52. Ke4 Rh1 53. Kd3
Rh3+ 54. Ke4 Kf6 55. Be6 Ra3 56. Kf4 Rc3 57. Ke4 Rh3 58. Kf4 Ke7 59. Bb3 Rh1
60. Ke4 Rf1 61. Ke5 Re1+ 62. Kf4 Kf6 63. Be6 a4 64. Bd7 Rd1 65. Bxc6 Rxd4+ 66.
Ke3 Rh4 67. Bd7 Ke5 68. Be6 Rh3+ 69. Kd2 Kd4 70. f6 Rh2+ 71. Kd1 Rf2 72. f7 Kd3
73. Ke1 Rf6 74. Bd5 Kd4 75. Bc6 a3 76. Ba4 Rxf7 77. Bb3 Rf3 78. Bg8 Rf8 79. Bb3
Kd3 80. Bd5 Rb8 81. Bf7 Rb7 82. Bg8 Re7+ 83. Kf2 Re3 84. Bb3 Kd2 85. Bd5 Re5
86. Bc4 Rf5+ 87. Kg3 Ke3 88. Kg2 Kd4 89. Bb3 Kc3 90. Be6 Rf6 91. Bd5 Kb2 92.
Bc4 Ka1 93. Kg3 Rc6 94. Bd5 Rc2 95. Kf3 Rxa2 0-1

[Event "BL 1516 USV TU Dresden - Hamburger SK"]
[Site "?"]
[Date "2016.04.23"]
[Round "14.4"]
[White "Maiwald, Jens-Uwe"]
[Black "Ftacnik, Lubomir"]
[Result "1/2-1/2"]
[WhiteElo "2454"]
[BlackElo "2539"]
[PlyCount "132"]
[EventDate "2016.??.??"]

1. e4 c5 2. Nc3 d6 3. f4 g6 4. Nf3 Bg7 5. h3 Nc6 6. Bb5 Bd7 7. O-O e6 8. Bxc6
Bxc6 9. d4 Ne7 10. Be3 b6 11. Qe1 Qc7 12. Rd1 O-O 13. Qh4 f6 14. Rfe1 Rae8 15.
Kh1 Qb7 16. Bg1 h6 17. Qg3 Kh7 18. Nh4 cxd4 19. Bxd4 e5 20. fxe5 dxe5 21. Bg1
Rd8 22. Rd3 g5 23. Nf3 Rxd3 24. cxd3 f5 25. d4 exd4 26. Bxd4 fxe4 27. Bxg7 Nf5
28. Qg4 Kxg7 29. Ne5 e3 30. Kg1 Qc7 31. Nxc6 Qxc6 32. Rd1 Rf7 33. Rd5 Nh4 34.
Qd4+ Qf6 35. Qxf6+ Rxf6 36. g3 Nf3+ 37. Kf1 Nd4+ 38. Ke1 Nc2+ 39. Kd1 Rf2 40.
Rd7+ Kg6 41. g4 Rh2 42. Re7 h5 43. Re6+ Kf7 44. Re4 hxg4 45. hxg4 Rd2+ 46. Kc1
Nd4 47. Rxe3 Rc2+ 48. Kd1 Rxb2 49. Re5 Rd2+ 50. Kxd2 Nf3+ 51. Kd3 Nxe5+ 52. Ke4
Ke6 53. Nb5 Nxg4 54. Nxa7 Nf6+ 55. Kd4 Kf5 56. Nc8 Nd7 57. Nd6+ Kf4 58. Ne4 g4
59. a3 b5 60. Nc3 Kf3 61. Ne4 Nb6 62. Ng5+ Kf4 63. Ne4 Nc4 64. Nf6 Nxa3 65.
Nxg4 Kxg4 66. Kc5 Kf5 1/2-1/2

[Event "BL 1516 USV TU Dresden - Hamburger SK"]
[Site "?"]
[Date "2016.04.23"]
[Round "14.5"]
[White "Lampert, Jonas"]
[Black "Boensch, Uwe"]
[Result "1-0"]
[WhiteElo "2490"]
[BlackElo "2553"]
[PlyCount "53"]
[EventDate "2016.??.??"]

1. d4 Nf6 2. c4 e6 3. g3 Bb4+ 4. Bd2 Bxd2+ 5. Qxd2 d5 6. Bg2 O-O 7. Nf3 Qe7 8.
O-O Rd8 9. Qc2 Nc6 10. Rd1 Bd7 11. Ne5 Be8 12. Nc3 a5 13. Rac1 Nb4 14. Qb3 c5
15. dxc5 d4 16. Na4 Bxa4 17. Qxa4 Qxc5 18. Qb5 Qc7 19. a3 Na6 20. Bxb7 Rab8 21.
Qxa6 Rxb7 22. Qc6 Qb8 23. Qf3 Qc7 24. b4 axb4 25. axb4 Re8 26. b5 Rb6 27. Qf4
1-0

[Event "BL 1516 USV TU Dresden - Hamburger SK"]
[Site "?"]
[Date "2016.04.23"]
[Round "14.6"]
[White "Tischbierek, Raj"]
[Black "Kollars, Dmitrij"]
[Result "1/2-1/2"]
[WhiteElo "2442"]
[BlackElo "2465"]
[PlyCount "98"]
[EventDate "2016.??.??"]

1. g3 e5 2. Bg2 d5 3. d3 Nf6 4. Nf3 Bd6 5. O-O O-O 6. Nc3 c6 7. e4 dxe4 8. dxe4
Be6 9. Nh4 Bb4 10. Bd2 g6 11. Qe2 Nbd7 12. Nf3 b5 13. Rfd1 Bc5 14. h3 Nh5 15.
Be3 Qb6 16. Bxc5 Qxc5 17. Kh2 Nb6 18. a4 Nc4 19. Rdb1 Nxb2 20. Nxb5 cxb5 21.
Rxb2 b4 22. Qe3 Qxe3 23. fxe3 a5 24. Nxe5 Rac8 25. Bf1 Rc3 26. Bd3 Rfc8 27. Nf3
b3 28. Ne1 bxc2 29. Rxc2 Rxc2+ 30. Nxc2 Nf6 31. Ra3 Nd7 32. Nd4 Ne5 33. g4 Kg7
34. Kg3 Kf6 35. Nf3 Nxf3 36. Kxf3 Rc1 37. Bb5 Bc4 38. h4 h6 39. Kf4 Rf1+ 40.
Kg3 Rc1 41. Kf4 g5+ 42. hxg5+ hxg5+ 43. Kf3 Ke5 44. Bxc4 Rxc4 45. Rb3 Rxa4 46.
Rb5+ Kf6 47. Rb6+ Ke5 48. Rb5+ Kf6 49. Rb6+ Ke5 1/2-1/2

[Event "BL 1516 USV TU Dresden - Hamburger SK"]
[Site "?"]
[Date "2016.04.23"]
[Round "14.7"]
[White "Carlstedt, Jonathan"]
[Black "Gauglitz, Gernot"]
[Result "0-1"]
[WhiteElo "2459"]
[BlackElo "2396"]
[PlyCount "86"]
[EventDate "2016.??.??"]

1. Nf3 Nf6 2. g3 g6 3. Bg2 Bg7 4. O-O O-O 5. d3 d5 6. Nbd2 c5 7. e4 Nc6 8. Re1
dxe4 9. dxe4 h6 10. c3 Be6 11. Qe2 Qd7 12. Nc4 Rad8 13. Bf4 Qc8 14. a4 b6 15.
Rac1 Nd7 16. Red1 Qa6 17. Bf1 Qxa4 18. Ncd2 Na5 19. Qa6 Bg4 20. Bb5 Qa2 21. b4
g5 22. Bc7 Rc8 23. Bxd7 Bxd7 24. Qxa7 cxb4 25. Bxb6 Bg4 26. cxb4 Ra8 27. Qc7
Nb3 28. Rc2 Qa4 29. Nxb3 Bxf3 30. Rb1 Bxe4 31. Ba5 Bxc2 32. Qxc2 Rac8 33. Qe4
e6 34. Qe1 Bc3 35. Qe4 Qc6 36. Qd3 Qd5 37. Qxd5 exd5 38. Rd1 d4 39. b5 Rb8 40.
b6 Rfc8 41. Kg2 Rc4 42. Rd3 Bxa5 43. Nxa5 Rc5 0-1

[Event "BL 1516 USV TU Dresden - Hamburger SK"]
[Site "?"]
[Date "2016.04.23"]
[Round "14.8"]
[White "Hoffmann, Paul"]
[Black "Heinemann, Thies"]
[Result "0-1"]
[WhiteElo "2364"]
[BlackElo "2458"]
[PlyCount "82"]
[EventDate "2016.??.??"]

1. e4 c5 2. Nf3 d6 3. Nc3 a6 4. a4 Nc6 5. h3 g6 6. g3 Bg7 7. Bg2 e6 8. O-O Nge7
9. d3 O-O 10. Ne2 Qb6 11. Bd2 Bd7 12. Bc3 Bxc3 13. bxc3 Qc7 14. Qd2 Kg7 15. c4
Rab8 16. Nh2 e5 17. a5 b6 18. axb6 Rxb6 19. Nc3 Nd4 20. Ra2 Qb7 21. Rfa1 Rb2
22. Kh1 Rxa2 23. Rxa2 Rb8 24. Nf1 Qc8 25. Kh2 Rb6 26. Qg5 f6 27. Qc1 Qb7 28.
Ne3 Bc8 29. Qa3 Qd7 30. Qc1 Qb7 31. Qa3 Rb4 32. Ned5 Nxd5 33. exd5 Qd7 34. Qa5
Rb8 35. g4 f5 36. gxf5 gxf5 37. Ra1 Nxc2 38. Rg1 Nd4 39. Nd1 Kh8 40. Ne3 Qe7
41. Qa1 f4 0-1

[Event "BL 1516 Schachfr. Berlin - SK Norderste"]
[Site "?"]
[Date "2016.04.23"]
[Round "14.1"]
[White "Olszewski, Michal"]
[Black "Vocaturo, Daniele"]
[Result "1/2-1/2"]
[WhiteElo "2546"]
[BlackElo "2562"]
[PlyCount "85"]
[EventDate "2016.??.??"]

1. e4 e6 2. d4 d5 3. Nc3 Nf6 4. e5 Nfd7 5. Nce2 c5 6. c3 Nc6 7. Nf3 Qb6 8. g3
cxd4 9. cxd4 f6 10. exf6 Nxf6 11. Nc3 Bd6 12. Bg2 O-O 13. O-O Bd7 14. b3 Rae8
15. Bb2 Re7 16. Rc1 Be8 17. Na4 Qd8 18. Ne5 Nb4 19. a3 Bxa4 20. bxa4 Na6 21.
Qe2 Nc7 22. Rfe1 Qe8 23. Qd1 Na8 24. Rb1 Nd7 25. Nd3 Nab6 26. Bc1 Nf6 27. Bf4
Bxf4 28. Nxf4 Nxa4 29. Rb3 g5 30. Nd3 Nb6 31. Nc5 Qf7 32. Rbe3 Ne4 33. Nxe4
dxe4 34. Rxe4 Qxf2+ 35. Kh1 Qf6 36. Qg4 Qf5 37. Qxf5 Rxf5 38. Bh3 Rf8 39. d5
Rd8 40. Rxe6 Rxe6 41. dxe6 Re8 42. Bg2 Kg7 43. Bxb7 1/2-1/2

[Event "BL 1516 Schachfr. Berlin - SK Norderste"]
[Site "?"]
[Date "2016.04.23"]
[Round "14.2"]
[White "Kraemer, Martin"]
[Black "Bekker-Jensen, Simon"]
[Result "1/2-1/2"]
[WhiteElo "2570"]
[BlackElo "2454"]
[PlyCount "238"]
[EventDate "2016.??.??"]

1. e4 c5 2. Nf3 d6 3. d4 Nf6 4. Nc3 cxd4 5. Nxd4 a6 6. Be3 e5 7. Nb3 Be6 8. f3
Be7 9. Qd2 O-O 10. O-O-O a5 11. a4 Na6 12. g4 Nb4 13. Kb1 d5 14. g5 Nxe4 15.
fxe4 d4 16. Nxd4 exd4 17. Bxd4 Bxg5 18. Qg2 Bf6 19. e5 Be7 20. Rg1 g6 21. Qxb7
Rb8 22. Qf3 Qc8 23. Bb5 Bf5 24. Rg2 Qe6 25. Rf1 Kh8 26. Qe3 Rfd8 27. Rxf5 Qxf5
28. e6+ f6 29. Rf2 Nd5 30. Bxf6+ Bxf6 31. Rxf5 Nxe3 32. Rxf6 Nf5 33. Rf7 Nd6
34. Rc7 Rdc8 35. Rxc8+ Rxc8 36. Bd7 Rc5 37. Nb5 Nf5 38. b4 Rc4 39. c3 axb4 40.
Kb2 bxc3+ 41. Nxc3 Kg7 42. Kb3 Rc7 43. Nb5 Rc1 44. a5 Rb1+ 45. Ka2 Rb4 46. Ka3
Rb1 47. Nc3 Rb8 48. Nb5 Kf6 49. a6 Ra8 50. a7 Ng7 51. Kb4 Nxe6 52. Bc6 Rxa7 53.
Nxa7 Ke5 54. Kc3 Kf4 55. Kd2 Nd4 56. Ke1 g5 57. Kf1 h5 58. Bb7 g4 59. Nc8 Nf5
60. Nb6 Ne3+ 61. Kg1 h4 62. Nd7 Nf5 63. Nf6 Nd4 64. Bc8 Nf3+ 65. Kh1 Ne5 66.
Kg2 Kg5 67. Nd5 Nd3 68. Kf1 Ne5 69. Ba6 Kf5 70. Kg2 Ke4 71. Bb7 Kf5 72. Bc8+
Kg5 73. Kh1 Nf3 74. Ne3 Ne5 75. Kg1 Kf4 76. Nd5+ Ke4 77. Ne7 Kf4 78. Bb7 Kg5
79. Be4 Kf4 80. Bd5 Kg5 81. Bb7 Kf6 82. Nd5+ Kg5 83. Nc3 Kf4 84. Kg2 Nc4 85.
Ne2+ Kg5 86. Be4 Nd6 87. Bd3 Nf7 88. Kf1 Kf6 89. Nf4 Kg5 90. Nd5 Ne5 91. Be4
Nd7 92. Bd3 Nf6 93. Ne3 Kf4 94. Ke2 Kg5 95. Kd2 Kf4 96. Ke2 Kg5 97. Bc2 Nh5 98.
Bf5 Nf6 99. Be6 Kf4 100. Ng2+ Kg5 101. Ne1 Nh5 102. Ke3 Nf4 103. Bc8 Nd5+ 104.
Kd4 Nf4 105. Ke4 Nh5 106. Nd3 h3 107. Nf2 g3 108. hxg3 Nxg3+ 109. Kf3 Nh5 110.
Nxh3+ Kf6 111. Bg4 Ng7 112. Ke4 Ne6 113. Kd5 Ng7 114. Nf2 Kg5 115. Bd7 Kf4 116.
Nd3+ Ke3 117. Ne5 Kf4 118. Nc4 Nf5 119. Bxf5 Kxf5 1/2-1/2

[Event "BL 1516 Schachfr. Berlin - SK Norderste"]
[Site "?"]
[Date "2016.04.23"]
[Round "14.3"]
[White "Kopylov, Michael"]
[Black "Schneider, Ilja"]
[Result "1/2-1/2"]
[WhiteElo "2414"]
[BlackElo "2505"]
[PlyCount "37"]
[EventDate "2016.??.??"]

1. d4 d5 2. c4 c6 3. Nf3 Nf6 4. e3 Bf5 5. Nc3 e6 6. Nh4 Be4 7. f3 Bg6 8. Qb3
Qc7 9. Bd2 Be7 10. O-O-O a6 11. c5 Nbd7 12. Na4 e5 13. Nxg6 hxg6 14. dxe5 Nxe5
15. Be1 Ned7 16. Bg3 Qa5 17. Be1 Qc7 18. Bg3 Qa5 19. Be1 1/2-1/2

[Event "BL 1516 Schachfr. Berlin - SK Norderste"]
[Site "?"]
[Date "2016.04.23"]
[Round "14.4"]
[White "Mista, Aleksander"]
[Black "Powierski, Emil"]
[Result "1-0"]
[WhiteElo "2577"]
[BlackElo "2317"]
[PlyCount "53"]
[EventDate "2016.??.??"]

1. e4 c5 2. Nf3 d6 3. d4 cxd4 4. Nxd4 Nf6 5. Nc3 Nc6 6. Bg5 e6 7. Qd2 Qb6 8.
Nb3 Be7 9. Be2 O-O 10. g4 Rd8 11. Be3 Qc7 12. g5 Nd7 13. h4 a6 14. O-O-O b5 15.
g6 fxg6 16. h5 gxh5 17. Bxh5 Nf6 18. Rdg1 Ne5 19. Bd4 Bf8 20. Qg5 b4 21. Qxf6
bxc3 22. f4 cxb2+ 23. Kb1 Ng6 24. Rxg6 hxg6 25. Qxg6 e5 26. Qh7+ Kxh7 27. Bf7+
1-0

[Event "BL 1516 Schachfr. Berlin - SK Norderste"]
[Site "?"]
[Date "2016.04.23"]
[Round "14.5"]
[White "Polischuk, Viktor"]
[Black "Piorun, Kacper"]
[Result "0-1"]
[WhiteElo "2295"]
[BlackElo "2657"]
[PlyCount "172"]
[EventDate "2016.??.??"]

1. e4 c5 2. Nf3 e6 3. d4 cxd4 4. Nxd4 Nc6 5. Nc3 Qc7 6. Be2 a6 7. Be3 b5 8.
Nxc6 Qxc6 9. O-O Bb7 10. Bf3 Qc7 11. e5 Rc8 12. Bxb7 Qxb7 13. Qd3 Ne7 14. Rad1
Ng6 15. f4 Nh4 16. Qe4 Qxe4 17. Nxe4 Rc4 18. Ng3 Rxc2 19. Rc1 Rc6 20. Ne4 Nf5
21. Rxc6 dxc6 22. Bb6 Be7 23. Rd1 h5 24. g3 f6 25. exf6 gxf6 26. Kf2 Rf8 27.
Kf3 e5 28. a3 Rf7 29. h3 a5 30. g4 hxg4+ 31. hxg4 Nh4+ 32. Kg3 exf4+ 33. Kxf4
f5 34. Nd6+ Bxd6+ 35. Rxd6 fxg4+ 36. Kxg4 Nf3 37. Re6+ Kd7 38. Re3 Nh2+ 39. Kh3
Rh7+ 40. Kg2 Ng4 41. Rd3+ Ke6 42. Bxa5 Nf6 43. Kf1 Rh1+ 44. Kg2 Rb1 45. Rd2 Ne4
46. Rc2 Kd5 47. Kf3 Rh1 48. Bb6 Rh3+ 49. Kf4 Rh4+ 50. Ke3 Rh3+ 51. Kf4 Nf6 52.
Rd2+ Ke6 53. Re2+ Kd6 54. Bd4 Nd5+ 55. Kf5 Rf3+ 56. Kg5 c5 57. Be5+ Kc6 58. Rh2
Ne3 59. Bf4 Nc4 60. b4 Rxa3 61. bxc5 b4 62. Rc2 Kxc5 63. Be5 Kd5 64. Bh8 Rf3
65. Re2 Rg3+ 66. Kf4 Rg8 67. Bf6 b3 68. Bc3 Rf8+ 69. Kg4 Rf1 70. Bh8 Rg1+ 71.
Kf4 Rh1 72. Bf6 Rf1+ 73. Kg5 Nd6 74. Rd2+ Kc6 75. Rb2 Ne4+ 76. Kh4 Rf4+ 77. Kh3
Rf3+ 78. Kg4 Rd3 79. Bh8 Kd5 80. Kf4 Nc3 81. Rg2 Kc4 82. Bg7 Rd1 83. Ke3 Rd3+
84. Kf4 Rd7 85. Bf6 Nd5+ 86. Kg5 Nxf6 0-1

[Event "BL 1516 Schachfr. Berlin - SK Norderste"]
[Site "?"]
[Date "2016.04.23"]
[Round "14.6"]
[White "Jakubowski, Krzysztof"]
[Black "Jochens, Arne"]
[Result "1-0"]
[WhiteElo "2573"]
[BlackElo "2259"]
[PlyCount "119"]
[EventDate "2016.??.??"]

1. e4 e6 2. d4 d5 3. Nc3 Nf6 4. Bg5 Bb4 5. e5 h6 6. Be3 Ne4 7. Qg4 Kf8 8. a3
Bxc3+ 9. bxc3 Nxc3 10. Bd3 Nc6 11. Nh3 f5 12. exf6 Qxf6 13. Nf4 e5 14. Ng6+ Kg8
15. Qh5 e4 16. Nxh8 Kxh8 17. Be2 Be6 18. Bg4 Bxg4 19. Qxg4 Nxd4 20. Bxd4 Qxd4
21. O-O Qc5 22. Qh5 Rf8 23. Rae1 Qxa3 24. Qe5 c5 25. f3 Qb2 26. Qe7 Rf6 27.
fxe4 Nxe4 28. Qd8+ Kh7 29. Qxd5 Rxf1+ 30. Rxf1 Qb4 31. Qd3 Kg8 32. Qd8+ Kh7 33.
Qd3 Kg8 34. c4 Nf6 35. Rb1 Qa5 36. Rxb7 Qe1+ 37. Qf1 Qe3+ 38. Kh1 a5 39. Ra7
Qc3 40. h3 Qd2 41. Qb1 Qc3 42. Qb8+ Kh7 43. Qf4 Kg8 44. Kh2 Qe1 45. Rc7 Qe4 46.
Qxe4 Nxe4 47. g4 Kh7 48. Kg2 Kg6 49. Kf3 Ng5+ 50. Ke3 Nxh3 51. Rxc5 a4 52. Ra5
Ng5 53. Rxa4 Ne6 54. Ra5 Kf6 55. Ke4 g6 56. Kd5 Nf4+ 57. Kd6 Nd3 58. c5 Ne5 59.
Ra6 Nc4+ 60. Kd5+ 1-0

[Event "BL 1516 Schachfr. Berlin - SK Norderste"]
[Site "?"]
[Date "2016.04.23"]
[Round "14.7"]
[White "Kahlert, Thomas"]
[Black "Sprenger, Jan Michael"]
[Result "0-1"]
[WhiteElo "2229"]
[BlackElo "2506"]
[PlyCount "114"]
[EventDate "2016.??.??"]

1. c4 e5 2. Nc3 Nf6 3. Nf3 Nc6 4. g3 d5 5. cxd5 Nxd5 6. Bg2 Nb6 7. O-O Be7 8.
d3 O-O 9. Be3 Be6 10. Qc1 Nd5 11. Bg5 f6 12. Bd2 Qd7 13. Ne4 b6 14. Nc3 a5 15.
Nxd5 Bxd5 16. Bc3 Rad8 17. Rd1 Bc5 18. Qc2 Kh8 19. Qa4 Bxf3 20. Bxf3 Nd4 21.
Qxd7 Nxf3+ 22. exf3 Rxd7 23. Kf1 Rfd8 24. Ke2 Kg8 25. Rac1 Rd5 26. Be1 Kf7 27.
Rc4 Rd4 28. Rdc1 Bd6 29. Bd2 c5 30. Be3 Rd5 31. a4 f5 32. R1c3 Be7 33. Rb3 R8d6
34. h4 Bf6 35. Rb5 Rxd3 36. b4 axb4 37. a5 bxa5 38. Rxa5 Ra3 39. Rcxc5 f4 40.
Rc7+ Kg6 41. Rxa3 bxa3 42. Ra7 fxe3 43. Kxe3 Rb6 44. Rxa3 Rb2 45. Ra5 h6 46.
Rd5 Kf7 47. Ra5 Bd8 48. Rxe5 Bb6+ 49. Kd3 Bxf2 50. g4 Bxh4 51. Ke3 Bf2+ 52. Kd3
Bb6 53. Rf5+ Ke6 54. Rf8 Bc5 55. Rf5 Bd6 56. Ke3 g5 57. Kd3 Bf4 0-1